Historia eclesiástica de arquidiócesis de Santo Domingo Primada de América / Carlos Novel (Registro nro. 5574)

Detalles MARC
000 -LEADER
fixed length control field 00571nam a22001931a 4500
001 - CONTROL NUMBER
control field 5574
003 - CONTROL NUMBER IDENTIFIER
control field OSt
005 - DATE AND TIME OF LATEST TRANSACTION
control field 20260204212020.0
008 - FIXED-LENGTH DATA ELEMENTS--GENERAL INFORMATION
fixed length control field 060127s1979||||dr ||||||b||||||||||spa||
020 ## - NUMERO DE LIBRO INTERNACIONAL NORMALIZADO
International Standard Book Number 8484010287
050 ## - LIBRARY OF CONGRESS CALL NUMBER
Classification number RD 270.7293 N851h
100 ## - ASIENTO PRINCIPAL -- NOMBRE PERSONAL
Personal name Novel, Carlos
245 ## - TÍTULO PROPIAMENTE DICHO: SUBTÍTULO
Title Historia eclesiástica de arquidiócesis de Santo Domingo Primada de América / Carlos Novel
264 ## - PRODUCTION, PUBLICATION, DISTRIBUTION, MANUFACTURE, AND COPYRIGHT NOTICE
Place of production, publication, distribution, manufacture Santo Domingo : S.N.
300 ## - PHYSICAL DESCRIPTION
Extensión 435 p. Tomo II
500 ## - GENERAL NOTE
General note Incluye indice y bibliografía
650 ## - ASIENTO SECUNDARIO DE MATERIA -- TERMINO TEMÁTICO
Termino Temático Como Elemento de Entrada 1.Historia de Iglesia - República DominicanaÌ
942 ## - ADDED ENTRY ELEMENTS (KOHA)
Source of classification or shelving scheme Dewey Decimal Classification
Koha item type Libros
Existencias
Withdrawn status Lost status Source of classification or shelving scheme Damaged status Not for loan Current library Date acquired Total Checkouts Full call number Barcode Date last seen Price effective from Koha item type
    Dewey Decimal Classification     Biblioteca UTECO 09/09/2019   RD 270.7293 N851H 009756 09/09/2019 09/09/2019 Libros
    Dewey Decimal Classification     Biblioteca UTECO 09/09/2019   RD 270.7293 N851H 009757 09/09/2019 09/09/2019 Libros
    Dewey Decimal Classification     Biblioteca UTECO 09/09/2019   RD 270.7293 N851H 009758 09/09/2019 09/09/2019 Libros
© 2021 Derechos Reservados UTECO - Teléfono: +1 809-585-2291 - Correo electrónico: biblioteca@uteco.edu.do​  
Código postal 43000 ​​
Dirección: Avenida Universitaria No. 100, 
Cotuí, Provincia Sánchez Ramírez, República Dominicana - RNC: 404-00059-6